Berühmte Deutsche anhand von Bildern erraten - Statistiken

Allgemein
  • Dieses Quiz wurde 813 mal gespielt
  • Das Durchschnittsergebnis liegt bei 10 aus 12
Antwortstatistiken
Bildquiz Antwort % Korrekt
Angela Merkel
100%
Albert Einstein
99%
Manuel Neuer
96%
Ludwig van Beethoven
89%
Martin Luther
86%
Otto von Bismarck
83%
Dirk Nowitzki
81%
Karl Lagerfeld
79%
Steffi Graf
75%
Karl Marx
67%
J. S. Bach
63%
Felix Neureuther
38%
Keine übereinstimmenden Quizze gefunden
Verteilung der Resultate
Anzahl Personen mit jedem Resultat
Perzentil nach korrekt beantworteten Fragen
Ihre Resultats-Entwicklung
Sie haben dieses Quiz noch nicht gespielt